000 00598nam a2200241Ia 4500
003 OSt
005 20220924134107.0
006 a|||||r|||| 00| 0
007 ta
008 220923b |||||||| |||| 00| 0 ben d
020 _a8170662052 (hbk)
024 _a272136
037 _cTextual
040 _aARTS
_cARTS
_bben
041 _2ben
_aben
082 _aO157,1NGOx, N0
100 _aGoswami Joy
_9177295
245 0 _aKabita sangraha
260 _c1990
650 _aBENGALI LITERATURE
942 _hO157,1NGOx, N0
_cTEXL
_2CC
999 _c436353
_d436353